000 00617nam a2200265Ia 4500
008 210210b xxu||||| |||| 00| 0 eng d
041 _aeng
082 _a821/1019
100 _aWEBSTER
245 _aDrama: White Devil, Duchess of Malfi, Atheists Tragedy, Revengers Tragedy
260 _aLondon
_bT Fisher Unwin
_c
650 _aWhite
650 _aTragedy,
650 _aTragedy
650 _aRevengers
650 _aof
650 _aMalfi,
650 _aDuchess
650 _aDrama:
650 _aDevil,
650 _aAtheists
690 _aEnglish Drama
700 _aTOURNEUR
906 _a012185
999 _c130958
_d130958